LEADER 01001nam0-22003371i-450 001 990007874300403321 005 20180709161026.0 010 $a1-59051-035-6 035 $a000787430 035 $aFED01000787430 035 $a(Aleph)000787430FED01 035 $a000787430 100 $a20040426d2002----km-y0itay50------ba 101 0 $aeng 102 $aUS 105 $aa---a---001yy 200 1 $a<> brain and the inner world$ean introduction to the neuroscience of subjective experience$fMark Solms and Oliver Turnbull 210 $aNew York$cOther Press$d2002 215 $aXV, 342 p.$cill.$d24 cm 610 0 $aNeuroscienze$aMente e cervello 676 $a612.8$v21$zita 676 $a153$v20 700 1$aSolms,$bMark$0213098 701 1$aTurnbull,$bOliver$0282355 801 0$aIT$bUNINA$gRICA$2UNIMARC 901 $aBK 912 $a990007874300403321 952 $aP.1 N 16$bBibl. 44143$fFLFBC 959 $aFLFBC 996 $aBrain and the inner world$928248 997 $aUNINA LEADER 01243nam 2200397 450 001 9910155431203321 010 $a3-8288-6612-3 035 $a(CKB)3710000000974528 035 $a(MiAaPQ)EBC4761742 035 $a(PPN)235087378 035 $a(EXLCZ)993710000000974528 100 $a20170103h20162016 uy 0 101 0 $ager 135 $aurcnu|||||||| 181 $2rdacontent 182 $2rdamedia 183 $2rdacarrier 200 10$aFru?he Schriften$hTeilband 1$iNeuaufbau im zersto?rten Berlin /$fWolfgang Harich 210 1$aMarburg, [Germany] :$cTectum,$d2016. 210 4$d©2016 215 $a1 online resource (625 pages) $cillustrations 225 1 $aSchriften aus dem Nachlass Wolfgang Harichs ;$vBand 1.1 311 $a3-8288-3820-0 320 $aIncludes bibliographical references and index. 410 0$aSchriften aus dem Nachlass Wolfgang Harichs ;$vBand 1.1. 607 $aGermany (East)$xPolitics and government 607 $aGermany$xHistory$y1945-1955 676 $a943.1087 700 $aHarich$b Wolfgang$0159915 801 0$bMiAaPQ 801 1$bMiAaPQ 801 2$bMiAaPQ 906 $aBOOK 912 $a9910155431203321 996 $aFru?he Schriften$92864697 997 $aUNINA LEADER 02575nam 22004695 450 001 996312642503316 005 20191022022751.0 010 $a3-486-76201-X 024 7 $a10.1515/9783486762013 035 $a(CKB)4100000009762781 035 $a(DE-B1597)228307 035 $a(OCoLC)1125185258 035 $a(DE-B1597)9783486762013 035 $aEBL7014999 035 $a(AU-PeEL)EBL7014999 035 $a(EXLCZ)994100000009762781 100 $a20191022d2019 fg 101 0 $ager 135 $aur||||||||||| 181 $ctxt$2rdacontent 182 $cc$2rdamedia 183 $acr$2rdacarrier 200 14$aDas Rohrnetz städtischer Wasserwerke $eBerechnung, Bau, Betrieb /$fH. P. Brinkhaus 205 $a3. Auflage. Reprint 2019 210 1$aBerlin ;$aBoston : $cOldenbourg Wissenschaftsverlag, $d[2019] 210 4$d©1930 215 $a1 online resource (334 p.) $c60 Taf 300 $aDescription based upon print version of record. 311 $a3-486-76199-4 327 $tFrontmatter -- $tVorwort zur dritten Auflage / $rBrinkhaus, H. P. -- $tInhalts-Verzeichnis -- $tErster Abschnitt. Die Berechnung von Wasserrohrleitungen -- $tZweiter Abschnitt. Die Wasserrohrnetze -- $tDritter Abschnitt. Die Rohre, Formstücke und Ausrüstungsstücke -- $tVierter Abschnitt. Vorarbeiten für den Bau von Wasserrohrleitungen und Wasserrohrnetzen -- $tFünfter Abschnitt. Der Bau von Wasserrohrleitungen -- $tSechster Abschnitt. Besondere Fälle von Rohrverlegungen -- $tSiebenter Abschnitt. Die Hausanschlüsse -- $tAchter Abschnitt. Die Betriebsarbeiten -- $tAnhang 330 $aTo celebrate the 270th anniversary of the De Gruyter publishing house, the company is providing permanent open access to 270 selected treasures from the De Gruyter Book Archive. Titles will be made available to anyone, anywhere at any time that might be interested. The DGBA project seeks to digitize the entire backlist of titles published since 1749 to ensure that future generations have digital access to the high-quality primary sources that De Gruyter has published over the centuries. 606 $aTechnology & Engineering / Engineering (General)$2bisacsh 615 7$aTechnology & Engineering / Engineering (General). 676 $a621.8/672 700 $aBrinkhaus$b H. P., $0946804 702 $aBrinkhaus$b H. P., $4ctb$4https://id.loc.gov/vocabulary/relators/ctb 801 0$bDE-B1597 801 1$bDE-B1597 906 $aBOOK 912 $a996312642503316 996 $aDas Rohrnetz städtischer Wasserwerke$92139064 997 $aUNISA